| 000 | 01295cam a2200337 a 4500 | ||
|---|---|---|---|
| 999 |
_c20389 _d20389 |
||
| 001 | 3766669 | ||
| 003 | BDDh-ASL | ||
| 005 | 20231015025901.0 | ||
| 008 | 880224r19821929ii b 001 0 eng | ||
| 010 | _a 82905280 | ||
| 040 |
_aDLC _cDLC _dDLC _dBDDh-ASL |
||
| 041 | 0 | _aengper | |
| 050 | 0 | 0 |
_aBP173.H5 _bD3712 1982 |
| 082 |
_a297.09 _bMAM |
||
| 100 | 0 |
_aDārā Shikūh, _cPrince, son of Shahjahan, Emperor of India, _d1615-1659. |
|
| 240 | 1 | 0 |
_aMajmaʻ al-Baḥrayn. _lEnglish & Persian |
| 245 | 1 | 0 |
_aMajmaʻ-ul-baḥrain, or, The mingling of the two oceans / _cby Prince Muhammad Dārā S̲h̲ikūh ; edited in the original Persian with English translation, notes, and variants, by M. Mahfuz-ul-Haq. |
| 260 |
_aCalcutta : _bAsiatic Society, _c1982. |
||
| 300 |
_avi, 146 p. ; _c25 cm. |
||
| 440 | 0 |
_aBibliotheca Indica ; _vwork no. 246 |
|
| 500 | _aEnglish and Persian. | ||
| 500 | _aOriginally published: Calcutta : Asiatic Society, 1929. | ||
| 504 | _aIncludes bibliographical references and indexes. | ||
| 650 | 0 |
_aIslam _xRelations _xHinduism. |
|
| 650 | 0 |
_aHinduism _xRelations _xIslam. |
|
| 700 | 2 | _aMahfuz-ul-Haq, M. | |
| 740 | 0 | _aMajmaʻ-ul-Baḥrain. | |
| 740 | 0 | _aMingling of the two oceans. | |
| 906 |
_a7 _bcbc _corignew _d4 _encip _f19 _gy-gencatlg |
||
| 942 |
_2ddc _cBK |
||